000 01224naa a22003377a 4500
001 BR7602358
003 BR-BrBNA
005 20240918173817.0
007 ta
008 230509b bl.||||| |||| 00| 0 por d
040 _aBR-BrBNA
_bpor
_cBiblioteca Nacional de Agricultura
041 _a(Pt)
072 _aE50; P12
_b/G514
090 _aE50 BR7602358
100 1 _aFreitas, C.M.S.M. de
100 1 _aRocha, R.L. da
100 1 _aDorsey, A.S.
111 1 _a3. Seminario Nacional de Irrigacao e Drenagem
_cFortaleza, CE (Brazil)
_d16 Nov 1975
245 1 _aCapacitacao de recursos humanos em areas irrigadas na regiao Nordeste [Sociologia rural; Treinamento; Brasil]
260 3 _aFortaleza, CE (Brasil):
_c1976.
500 _aAnais do 3. Seminario Nacional de Irrigacao e Drenagem Fortaleza, CE (Brasil): 1976. p. 175-191 (BR7602358-AM)E50
650 _aSociologia rural
650 _aIrrigacao
650 _aAssistencia tecnica
650 _aRecurso humano
650 _aTreinamento
650 _aNordeste
773 0 _tAnais do 3. Seminario Nacional de Irrigacao e Drenagem
_b
_wE50 BR7602358
_gFortaleza, CE (Brasil), 1976. p. 175-191
909 _a202404
_bLucia
_c55
_dLucia Elande
942 _cAM
_2AGRIS
999 _c307062
_d307062